The rise and fall of Prescott's housing plan (Record no. 74024)
[ view plain ]
| 000 -LEADER | |
|---|---|
| fixed length control field | 01146cab a2200229 4500 |
| 001 - CONTROL NUMBER | |
| control field | ABS67383 |
| 008 - FIXED-LENGTH DATA ELEMENTS--GENERAL INFORMATION | |
| fixed length control field | 040106n2003 000 0 eng u |
| 035 ## - SYSTEM CONTROL NUMBER | |
| System control number | (Sirsi) u124726 |
| 100 ## - MAIN ENTRY--PERSONAL NAME | |
| Personal name | Carroll, N. |
| 245 #4 - TITLE STATEMENT | |
| Title | The rise and fall of Prescott's housing plan |
| 260 ## - PUBLICATION, DISTRIBUTION, ETC. | |
| Date of publication, distribution, etc. | 2003 |
| 490 ## - SERIES STATEMENT | |
| Series statement | Municipal Journal |
| Volume/sequential designation | 4 December 2003, 14-15(2) |
| 520 ## - SUMMARY, ETC. | |
| Summary, etc. | Presents progress reports on two aspects of the Sustainable Communities Plan. The first report looks at how well the controversial plan to build 200 000 homes in southeast England is progressing. It reviews the four designated growth areas and provides an update on delivery mechanisms, in particular the establishment of urban development corporations. The second report examines the local reaction to the nine market renewal pathfinders, which spearhead the government's housing market renewal programme. |
| 590 ## - LOCAL NOTE (RLIN) | |
| Local note | ABS |
| 650 ## - SUBJECT ADDED ENTRY--TOPICAL TERM | |
| Topical term or geographic name entry element | SUSTAINABLE COMMUNITIES: BUILDING FOR THE FUTURE |
| 650 ## - SUBJECT ADDED ENTRY--TOPICAL TERM | |
| Topical term or geographic name entry element | URBAN DEVELOPMENT CORPORATIONS |
| 650 ## - SUBJECT ADDED ENTRY--TOPICAL TERM | |
| Topical term or geographic name entry element | MARKET RENEWAL PATHFINDER AREAS |
| 650 ## - SUBJECT ADDED ENTRY--TOPICAL TERM | |
| Topical term or geographic name entry element | PATHFINDER SCHEMES |
| 690 ## - LOCAL SUBJECT ADDED ENTRY--TOPICAL TERM (OCLC, RLIN) | |
| Topical term or geographic name as entry element | REGENERATION |
| 700 ## - ADDED ENTRY--PERSONAL NAME | |
| Personal name | Blackman, D. |
| 942 ## - ADDED ENTRY ELEMENTS (KOHA) | |
| Suppress in OPAC | 0 |
| Withdrawn status | Lost status | Source of classification or shelving scheme | Damaged status | Not for loan | Home library | Current library | Shelving location | Date acquired | Total Checkouts | Full call number | Barcode | Date last seen | Copy number | Price effective from | Koha item type |
|---|---|---|---|---|---|---|---|---|---|---|---|---|---|---|---|
| Dewey Decimal Classification | London | London | Journal article | 06/01/2004 | ABS67383 | 124726-1001 | 06/08/2019 | 1 | 06/08/2019 | Journal article |